[Event "Remote S7E Easy-196 email"]
[Site "Remote email"]
[Date "2014.08.16"]
[Round "?"]
[White "Klein, Werner"]
[Black "Guelker, Lorenz"]
[Result "0-1"]
[WhiteElo "1748"]
[BlackElo "2000"]
[PlyCount "48"]
[EventDate "2014.??.??"]
[EventType "tourn (corr)"]
[EventRounds "6"]
[EventCountry "GER"]
[SourceTitle "Corr 2015"]
[Source "ChessBase"]
[SourceDate "2015.07.17"]
[SourceVersion "1"]
[SourceVersionDate "2015.07.17"]
[SourceQuality "1"]

1. e4 e5 2. Nf3 Nc6 3. Bc4 Nf6 4. 0-0 Bc5 5. d3 d6 6. Bg5 h6 7. Bxf6 Qxf6 8. h3 0-0 9. c3 Bd7 10. b4 Bb6 11. Nbd2 a5 12. b5 Ne7 13. Nb3 a4 14. Nbd2 Ng6 15. Nh2 Nf4 16. g3 Bxh3 17. Kh1 Bxf1 18. Qxf1 Ne6 19. Ng4 Qg5 20. Qe2 h5 21. Ne3 h4 22. Rg1 hxg3 23. Rxg3 Qh4+ 24. Kg2 Nf4+ 0-1

[Event "Remote S7E Schnell-103 email"]
[Site "Remote email"]
[Date "2014.06.23"]
[Round "?"]
[White "Kahl, Karl Heinz"]
[Black "Klein, Werner"]
[Result "1-0"]
[WhiteElo "2194"]
[BlackElo "1748"]
[PlyCount "37"]
[EventDate "2014.??.??"]
[EventType "tourn (corr)"]
[EventRounds "6"]
[EventCountry "GER"]
[SourceTitle "Corr 2015"]
[Source "ChessBase"]
[SourceDate "2015.07.17"]
[SourceVersion "1"]
[SourceVersionDate "2015.07.17"]
[SourceQuality "1"]

1. e4 e5 2. Nf3 Nc6 3. Bc4 Be7 4. d4 exd4 5. Nxd4 Bf6 6. Nxc6 bxc6 7. Qf3 Qe7 8. 0-0 Bb7 9. Qb3 Bc8 10. Nd2 a5 11. Nf3 Ba6 12. Bxa6 Rxa6 13. e5 Bxe5 14. Nxe5 Rb6 15. Qc3 Ra6 16. Nxd7 Qxd7 17. Qxg7 Ke7 18. Bg5+ Ke8 19. Rfe1+ 1-0

[Event "Remote S7E Schnell-103 email"]
[Site "Remote email"]
[Date "2014.06.23"]
[Round "?"]
[White "Klein, Werner"]
[Black "Schulz, Peter"]
[Result "0-1"]
[WhiteElo "1748"]
[BlackElo "1953"]
[PlyCount "68"]
[EventDate "2014.??.??"]
[EventType "tourn (corr)"]
[EventRounds "6"]
[EventCountry "GER"]
[SourceTitle "Corr 2015"]
[Source "ChessBase"]
[SourceDate "2015.07.17"]
[SourceVersion "1"]
[SourceVersionDate "2015.07.17"]
[SourceQuality "1"]

1. e4 e5 2. Nf3 Nf6 3. Nxe5 Qe7 4. d4 d6 5. Bg5 dxe5 6. dxe5 Qxe5 7. Bxf6 Qxf6 8. Nc3 Bb4 9. Bd3 Bxc3+ 10. bxc3 Qxc3+ 11. Ke2 Nc6 12. Rb1 0-0 13. Rb3 Nd4+ 14. Ke3 Nxb3 15. axb3 Re8 16. f3 Bf5 17. Kf2 Bg6 18. Re1 Re5 19. f4 Qd4+ 20. Kg3 Rh5 21. h4 Qd8 22. Rh1 Qd4 23. Qf3 f6 24. Bc4+ Kf8 25. f5 Qe5+ 26. Kh3 Be8 27. g4 Rh6 28. Rg1 Rd8 29. Rd1 Rxd1 30. Qxd1 Rxh4+ 31. Kg2 Rh2+ 32. Kf3 Rh3+ 33. Ke2 Qxe4+ 34. Kd2 Qe3# 0-1

[Event "Remote S7E Easy-191 email"]
[Site "Remote email"]
[Date "2014.05.05"]
[Round "?"]
[White "Tortoza, Carlos Alberto"]
[Black "Klein, Werner"]
[Result "0-1"]
[WhiteElo "1632"]
[BlackElo "1748"]
[PlyCount "116"]
[EventDate "2014.??.??"]
[EventType "tourn (corr)"]
[EventRounds "6"]
[EventCountry "GER"]
[SourceTitle "Corr 2015"]
[Source "ChessBase"]
[SourceDate "2015.07.17"]
[SourceVersion "1"]
[SourceVersionDate "2015.07.17"]
[SourceQuality "1"]

1. d4 e6 2. e4 d5 3. e5 h6 4. Bd3 Nc6 5. Nf3 Nb4 6. Bb5+ Bd7 7. Bxd7+ Qxd7 8. 0-0 0-0-0 9. c3 Na6 10. b4 f6 11. Bf4 g5 12. Bg3 Be7 13. Nfd2 h5 14. h4 Nh6 15. Qxh5 Nf5 16. Qg4 fxe5 17. Bxe5 Rxh4 18. Qe2 Bd6 19. b5 Nb8 20. g3 Rh3 21. Kg2 Qh7 22. g4 Bxe5 23. Qxe5 Nd7 24. Qxe6 Rh4 25. Qxf5 Rh2+ 26. Kf3 Rf8 27. Qxf8+ Nxf8 28. Ke2 Rh1 29. Na3 Rxf1 30. Kxf1 Qh1+ 31. Ke2 Qxa1 32. Nc2 Qxa2 33. Nb4 Qa5 34. Ke3 Qxb5 35. Nf3 Qe8+ 36. Kd2 Qd8 37. Ne5 Ne6 38. Ke3 c6 39. Nbd3 Kc7 40. Ne1 Qf8 41. Ng2 Nf4 42. Ne1 Nh3 43. N5f3 Qf4+ 44. Ke2 Ng1+ 45. Nxg1 Qxg4+ 46. Kf1 c5 47. dxc5 Qc4+ 48. Ne2 g4 49. Kg2 Qxe2 50. Kg3 Qxe1 51. Kxg4 a5 52. f4 a4 53. f5 a3 54. f6 a2 55. f7 Qf1 56. Kg5 Qxf7 57. Kg4 a1Q 58. c6 Qg1+ 0-1

[Event "Remote S7E Schnell-102 email"]
[Site "Remote email"]
[Date "2014.04.22"]
[Round "?"]
[White "Buhlmann, Werner"]
[Black "Klein, Werner"]
[Result "1-0"]
[WhiteElo "2144"]
[BlackElo "1724"]
[PlyCount "45"]
[EventDate "2014.??.??"]
[EventType "tourn (corr)"]
[EventRounds "6"]
[EventCountry "GER"]
[SourceTitle "Corr 2015"]
[Source "ChessBase"]
[SourceDate "2015.07.17"]
[SourceVersion "1"]
[SourceVersionDate "2015.07.17"]
[SourceQuality "1"]

1. e4 e5 2. f4 Bc5 3. Nf3 d6 4. Nc3 exf4 5. d4 Bb4 6. Bxf4 d5 7. exd5 Qxd5 8. Bd3 Bxc3+ 9. bxc3 Nf6 10. 0-0 0-0 11. Bxc7 Qc6 12. Be5 Bg4 13. Qe1 Nbd7 14. Bxf6 Nxf6 15. Ne5 Qe6 16. Qh4 h6 17. Bc4 Qc8 18. Rxf6 gxf6 19. Nxg4 Qxc4 20. Nxh6+ Kh8 21. Nf5+ Kg8 22. Qg4+ Kh8 23. Qg7# 1-0

[Event "Remote email"]
[Site "Remote email"]
[Date "2014.01.13"]
[Round "?"]
[White "Wasmer, Ernst"]
[Black "Klein, Werner"]
[Result "1/2-1/2"]
[WhiteElo "1804"]
[BlackElo "1671"]
[PlyCount "87"]
[EventDate "2014.??.??"]
[EventType "tourn (corr)"]
[EventRounds "6"]
[EventCountry "GER"]
[SourceTitle "Corr 2015"]
[Source "ChessBase"]
[SourceDate "2015.07.17"]
[SourceVersion "1"]
[SourceVersionDate "2015.07.17"]
[SourceQuality "1"]

1. e4 e5 2. Nf3 d6 3. d4 Nf6 4. dxe5 Nxe4 5. Qe2 Nc5 6. exd6+ Be6 7. Qb5+ Nbd7 8. dxc7 Qxc7 9. Be3 a6 10. Qe2 Be7 11. Nc3 0-0 12. Qd1 Rfd8 13. Be2 Nf6 14. Qc1 Rd6 15. Bf4 Nce4 16. Bxd6 Qxd6 17. Nxe4 Nxe4 18. 0-0 Rc8 19. Bd3 Nc5 20. Qe3 b5 21. a3 Bf6 22. Rad1 Nxd3 23. Rxd3 Qc6 24. c3 Bc4 25. Rfd1 Bxd3 26. Rxd3 Kf8 27. g3 Re8 28. Qd2 Re6 29. Qf4 g5 30. Qd2 Kg7 31. Nxg5 Re7 32. Nf3 h6 33. h4 Kh7 34. Nh2 Bg7 35. h5 a5 36. b4 Ra7 37. Ng4 axb4 38. cxb4 Qa8 39. Qc2 Qe4 40. f3 Bd4+ 41. Kf1 Qf5 42. Qd2 Bb6 43. Qxh6+ Kg8 44. Nf6+ 1/2-1/2

[Event "Remote S7E Easy-182 email"]
[Site "Remote email"]
[Date "2014.01.03"]
[Round "?"]
[White "Tortoza, Carlos Alberto"]
[Black "Klein, Werner"]
[Result "1/2-1/2"]
[WhiteElo "1633"]
[BlackElo "1671"]
[PlyCount "109"]
[EventDate "2014.??.??"]
[EventType "tourn (corr)"]
[EventRounds "6"]
[EventCountry "GER"]
[SourceTitle "Corr 2015"]
[Source "ChessBase"]
[SourceDate "2015.07.17"]
[SourceVersion "1"]
[SourceVersionDate "2015.07.17"]
[SourceQuality "1"]

1. d4 Nf6 2. c4 g6 3. Nc3 Bg7 4. e4 0-0 5. Bg5 d6 6. Nf3 Nc6 7. a3 Re8 8. Be2 Nd7 9. Qd2 f6 10. Bh6 e5 11. Bxg7 Kxg7 12. 0-0 Nb6 13. b3 Bg4 14. d5 Ne7 15. Nh4 Bxe2 16. Nxe2 c6 17. Qe3 g5 18. Nf5+ Nxf5 19. exf5 cxd5 20. cxd5 Nxd5 21. Qh3 a5 22. Ng3 Nf4 23. Qg4 Rh8 24. h4 h6 25. Nh5+ Nxh5 26. Qxh5 Qe8 27. Qxe8 Rhxe8 28. h5 Rec8 29. g4 b5 30. Rad1 Rd8 31. Rd5 b4 32. a4 Kf7 33. Rc1 Ke7 34. Rc7+ Rd7 35. Rc6 Raa7 36. Rb6 Rac7 37. Ra6 Ra7 38. Raxa5 Rxa5 39. Rxa5 d5 40. Rc5 d4 41. Kf1 d3 42. Ke1 Rd4 43. f3 Kd6 44. Rc4 d2+ 45. Kd1 Rxc4 46. bxc4 Kc5 47. Kxd2 Kxc4 48. Kc2 b3+ 49. Kb2 Kb4 50. a5 Kxa5 51. Kxb3 Kb5 52. Kc3 Kc5 53. Kd3 Kb5 54. Ke4 Kc4 55. Ke3 1/2-1/2

[Event "Remote email"]
[Site "Remote email"]
[Date "2013.12.20"]
[Round "?"]
[White "Hoeber, Michael"]
[Black "Klein, Werner"]
[Result "1-0"]
[WhiteElo "1964"]
[BlackElo "1724"]
[PlyCount "91"]
[EventDate "2013.??.??"]
[EventType "tourn (corr)"]
[EventRounds "6"]
[EventCountry "GER"]
[SourceTitle "Corr 2015"]
[Source "ChessBase"]
[SourceDate "2015.07.17"]
[SourceVersion "1"]
[SourceVersionDate "2015.07.17"]
[SourceQuality "1"]

1. e4 e5 2. Nf3 Nc6 3. Bc4 Bc5 4. b4 Bxb4 5. c3 Bc5 6. d4 Bd6 7. dxe5 Nxe5 8. Nxe5 Bxe5 9. Ba3 Nf6 10. Qb3 d6 11. Bxf7+ Ke7 12. 0-0 Nxe4 13. Re1 Qf8 14. Rxe4 Qxf7 15. Rxe5+ Be6 16. Re2 Kd7 17. Qb5+ Kc8 18. Nd2 a6 19. Qb2 c5 20. Rae1 Re8 21. Ne4 Rd8 22. Qb6 Qc7 23. Nxd6+ Rxd6 24. Qxc7+ Kxc7 25. Rxe6 b6 26. Rxd6 Kxd6 27. Rd1+ Ke5 28. Rd7 Re8 29. Rxg7 Kd5 30. Kf1 Kc4 31. Bb2 Kd3 32. Rg3+ Kd2 33. Re3 Rxe3 34. fxe3 Kxe3 35. Ke1 h5 36. a4 b5 37. Ba3 c4 38. axb5 axb5 39. Bc5+ Kf4 40. Kd2 Kf5 41. Ke3 Ke5 42. h3 Kf5 43. Kf3 Ke5 44. g4 Kf6 45. Kf4 Kg6 46. g5 1-0

[Event "Remote S7E Easy-181 email"]
[Site "Remote email"]
[Date "2013.12.11"]
[Round "?"]
[White "Klein, Werner"]
[Black "Biskopp, Wolf Ulrich"]
[Result "0-1"]
[WhiteElo "1724"]
[BlackElo "2532"]
[PlyCount "76"]
[EventDate "2013.??.??"]
[EventType "tourn (corr)"]
[EventRounds "6"]
[EventCountry "GER"]
[SourceTitle "Corr 2015"]
[Source "ChessBase"]
[SourceDate "2015.07.17"]
[SourceVersion "1"]
[SourceVersionDate "2015.07.17"]
[SourceQuality "1"]

1. e4 c5 2. Nf3 d6 3. d4 cxd4 4. Nxd4 Nf6 5. Bd3 e5 6. Nf3 Nc6 7. 0-0 Be7 8. h3 0-0 9. Bg5 Qc7 10. Nc3 h6 11. Bh4 Be6 12. Bxf6 Bxf6 13. Nh2 Qb6 14. Na4 Qc7 15. Nf3 Nb4 16. a3 Nxd3 17. cxd3 Qd7 18. Rc1 Rac8 19. Nc3 Bg5 20. Rb1 Bf4 21. Ne2 d5 22. Nxf4 exf4 23. Nd4 dxe4 24. dxe4 Rc4 25. Nxe6 Qxe6 26. f3 Rfc8 27. Qd5 Qxd5 28. exd5 Kf8 29. Rfe1 Rd4 30. Re4 Rxd5 31. Rxf4 Rd2 32. Rb4 Rcc2 33. Rxb7 Rxg2+ 34. Kf1 Rcf2+ 35. Ke1 Rxf3 36. Rxa7 Rf5 37. Rc1 Rg1+ 38. Kd2 Rd5+ 0-1

[Event "Remote S7E Easy-181 email"]
[Site "Remote email"]
[Date "2013.12.11"]
[Round "?"]
[White "Klein, Werner"]
[Black "Strohmeier, Josef"]
[Result "1-0"]
[WhiteElo "1724"]
[BlackElo "1872"]
[PlyCount "83"]
[EventDate "2013.??.??"]
[EventType "tourn (corr)"]
[EventRounds "6"]
[EventCountry "GER"]
[SourceTitle "Corr 2015"]
[Source "ChessBase"]
[SourceDate "2015.07.17"]
[SourceVersion "1"]
[SourceVersionDate "2015.07.17"]
[SourceQuality "1"]

1. e4 e5 2. Nf3 Nc6 3. Bb5 a6 4. Bxc6 dxc6 5. Nxe5 Qd4 6. Nf3 Qxe4+ 7. Qe2 Qxe2+ 8. Kxe2 Nf6 9. Re1 Bg4 10. Kf1+ Be7 11. Ne5 Be6 12. d4 0-0 13. c4 Rad8 14. Be3 Nd7 15. b3 Bf6 16. Nxd7 Rxd7 17. Rd1 Bg4 18. f3 Bf5 19. Nc3 Re8 20. Re1 h6 21. Bf2 Rxe1+ 22. Rxe1 Bxd4 23. Bxd4 Rxd4 24. Re7 Rd7 25. Re8+ Kh7 26. g4 Be6 27. Ne4 b6 28. Ke2 Kg6 29. h4 a5 30. Rh8 f5 31. h5+ Kf7 32. Ng3 fxg4 33. f4 Re7 34. Kd2 Rd7+ 35. Kc3 Re7 36. Rd8 Rd7 37. Rb8 g6 38. hxg6+ Kg7 39. f5 Bg8 40. Nh5+ Kh8 41. Nf6 Re7 42. Rxg8# 1-0